| 000 | 00746nam a2200241Ia 4500 | ||
|---|---|---|---|
| 003 | OSt | ||
| 005 | 20220926032321.0 | ||
| 006 | a|||||r|||| 00| 0 | ||
| 007 | ta | ||
| 008 | 220923b |||||||| |||| 00| 0 eng d | ||
| 037 | _cGeneral Book | ||
| 040 |
_aRTL _cRTL _beng |
||
| 041 |
_2eng _aeng |
||
| 082 | _aX:3M24xM18, L6 | ||
| 100 |
_aGorz Andre Ed. _9124221 |
||
| 245 | 0 | _aDivision of labour process and class-struggle in m | |
| 260 |
_aSussex _bHarvester Press _c1976 |
||
| 300 |
_axiv, 189p _ccm. |
||
| 490 | _aMarxist Theory and Contemporary Capitalism. Ed by John Mepham | ||
| 650 |
_aEconomic Classics Karl Marx _9233100 |
||
| 942 |
_hX:3M24xM18, L6 _cGB _2CC |
||
| 999 |
_c654388 _d654388 |
||